000 00582nam a22002537a 4500
003 UA-OsUOA
001 30426
007 ta
008 20041110b un ||||| |||| 00| 0 ukr d
100 _aШифман И.Ш.
090 _a929:355
_bШ65
942 _cBK
040 _aUA-OsUOA
_brus
_cUA-OsUOA
_dUA-OsUOA
245 _aАлександр Македонский
300 _a208 с.
955 _a0
041 _arus
080 _a929:355
020 _a5-02-027233-7
260 _aМосква
_bНаука
_c1988
044 _aRU
650 7 _2UDC
999 _c316838
_d316838